| 000 | 00896nam a22002537a 4500 | ||
|---|---|---|---|
| 999 |
_c21771 _d21771 |
||
| 001 | 16189043 | ||
| 003 | OSt | ||
| 005 | 20210812044416.0 | ||
| 008 | 170201b xxu||||| |||| 00| 0 eng d | ||
| 020 | _a9781934432051 | ||
| 040 |
_aMMU _cMMU _dMMU _beng |
||
| 050 | 0 | 0 |
_aGV481.2 _b.L69 2010 |
| 100 | 1 | _aLox, Curt. | |
| 245 | 1 | 4 |
_aThe psychology of exercise : _bintegrating theory and practice / _cCurt L. Lox, Kathleen A. Martin Ginis, Steven J. Petruzzello. |
| 250 | _a3rd ed. | ||
| 260 |
_aScottsdale, Ariz. : _bHolcomb Hathaway Publishers, _cc2010. |
||
| 300 |
_axviii, 462 p. : _bill. ; _c24 cm. |
||
| 500 | _aIncludes bibliographical references and index. | ||
| 650 | 0 |
_aExercise _xPsychological aspects. |
|
| 650 | 0 |
_aPhysical fitness _xPsychological aspects. |
|
| 700 | 1 |
_aMartin Ginis, Kathleen A. _q(Kathleen Anne), _d1968- |
|
| 700 | 1 | _aPetruzzello, Steven J. | |
| 942 |
_2lcc _cLOAN LOAN |
||